000 00384 a2200109 4500
001 ART_13782
005 20260410161910.0
008 260409a
245 1 0 _aDinámica demográfica, planificación familiar y política de población en Costa Rica
100 1 _aRosero Bixby, Luis
773 0 _tDemografía y economía
_g- Vol. XV, Nº 45 (ene./mar. 1981)
_wREV13200
999 _c26765
_d26765